000 00524nam a2200193 a 4500
001 1772709458922
003 YourLibrary
005 20260305165355.0
008 260305s2002##################000#0#eng##
020 _a9780743208048
082 0 4 _a327.127
_bSTE
100 1 _aSteel, Mark,
_eauthor.
245 1 0 _aReasons to be Cheerful :
260 _bSimon & Schuster (Trade Division),
_c2002.
300 _a292 pages
650 0 _aBiography & Autobiography.
942 _cENGLISH
040 _aYourLibrary
_beng
_cYourLibrary
999 _c616981
_d616981